Memoria-09: Escuela de Ingeniería

Guardat en:
Dades bibliogràfiques
Autor corporatiu: Pontificia Universidad Católica de Chile (Autor)
Format: Llibre
Idioma:espanyol
Publicat: Santiago Pontificia Universidad Católica de Chile 2009
Matèries:
Etiquetes: Afegir etiqueta
Sense etiquetes, Sigues el primer a etiquetar aquest registre!

MARC

LEADER 00000cam a2200000 a 4500
001 UCF0744
003 CL-VaPUC
008 120607e20090000CL |||||||||||||||||spa|d
082 0 4 |a 378  |b PON  |2 21 
110 2 |a Pontificia Universidad Católica de Chile  |e author  |9 562459 
245 1 0 |a Memoria-09: Escuela de Ingeniería 
300 |a 165 p 
942 |c BK 
945 |d 20120607 00:00:00  |a dcastane 
260 |a Santiago  |b Pontificia Universidad Católica de Chile  |c 2009 
650 0 |a Universidades  |9 256317 
650 0 |a Educación superior   |9 223851 
650 0 |a Curriculos  |9 343652 
650 7 |a UNIDAD ACADEMICA  |2 CL-VaPUC  |9 358079 
650 0 |a Carreras universitarias  |9 846805 
650 0 |a Profesores   |9 308968 
650 7 |a PROGRAMAS DE ESTUDIO  |2 CL-VaPUC  |9 562461 
583 |a last modification  |c 20130325 01:08:25  |k Rodrigo Vera 
999 |c 347894  |d 347892 
952 |0 0  |1 0  |4 0  |6 378_000000000000000_PON_2009  |7 0  |8 A  |9 449622  |a BIBING  |b BIBING  |d 2019-11-22  |i 4813774  |o 378 PON 2009  |p 4813774  |r 2025-01-20  |w 2019-11-22  |y BK  |k ING